[Event "La Mancha-ch"]
[Site "Valverde de Jucar"]
[Date "2017.07.09"]
[Round "6.6"]
[White "Lagunas Gualda, Guillermo"]
[Black "Miranzo Guijarro, Alberto"]
[Result "1/2-1/2"]
[WhiteElo "1685"]
[BlackElo "1775"]
[PlyCount "66"]
[EventDate "2017.07.06"]
[EventType "swiss"]
[EventRounds "6"]
[EventCountry "ESP"]
[SourceTitle "EXT 2024"]
[Source "ChessBase"]
[SourceDate "2023.10.10"]
[SourceVersion "1"]
[SourceVersionDate "2023.10.10"]
[SourceQuality "1"]

1. c4 c6 2. Nf3 Nf6 3. Nc3 d5 4. cxd5 cxd5 5. d4 e6 6. e3 Be7 7. Bd3 0-0 8. 0-0 Nbd7 9. h3 b6 10. b3 Bb7 11. Bb2 Rc8 12. Rc1 Bd6 13. Qe2 Ne4 14. Nb5 Rxc1 15. Rxc1 Bb8 16. Nd2 Nxd2 17. Qxd2 a6 18. Nc3 f5 19. Ne2 Nf6 20. Nf4 Qd6 21. g3 Ne4 22. Qe2 b5 23. h4 Qe7 24. Kg2 Bc8 25. a4 g5 26. hxg5 bxa4 27. g6 Bxf4 28. gxh7+ Qxh7 29. exf4 axb3 30. Bxa6 Bxa6 31. Qxa6 Qd7 32. Qb6 Rc8 33. Rxc8+ Qxc8 1/2-1/2

[Event "Benidorm op U2000 11th"]
[Site "Benidorm"]
[Date "2012.12.06"]
[Round "7"]
[White "Ayza Casamitjana, Antoni"]
[Black "Miranzo Guijarro, Alberto"]
[Result "1-0"]
[WhiteElo "1882"]
[BlackElo "1783"]
[PlyCount "48"]
[EventDate "2012.11.30"]
[EventType "swiss"]
[EventRounds "10"]
[EventCountry "ESP"]
[SourceTitle "EXT 2014"]
[Source "ChessBase"]
[SourceDate "2013.11.20"]
[SourceVersion "1"]
[SourceVersionDate "2013.11.20"]
[SourceQuality "1"]

1. e4 e6 2. Nf3 d5 3. e5 c5 4. b4 Qb6 5. bxc5 Bxc5 6. d4 Be7 7. Bd3 Nc6 8. 0-0 Bd7 9. c3 f6 10. Re1 fxe5 11. dxe5 Bc5 12. Qe2 Nge7 13. Nbd2 0-0-0 14. Nb3 Rdf8 15. Nxc5 Qxc5 16. Be3 Qa3 17. Rab1 Rxf3 18. gxf3 Nxe5 19. Bb5 Bxb5 20. Rxb5 N7c6 21. Reb1 b6 22. Bf4 Qd6 23. Re1 Rf8 24. Bxe5 Qe7 1-0

[Event "Benidorm op U2000 11th"]
[Site "Benidorm"]
[Date "2012.12.05"]
[Round "6"]
[White "Miranzo Guijarro, Alberto"]
[Black "Tirado Parra, Alberto"]
[Result "0-1"]
[WhiteElo "1783"]
[BlackElo "1940"]
[PlyCount "57"]
[EventDate "2012.11.30"]
[EventType "swiss"]
[EventRounds "10"]
[EventCountry "ESP"]
[SourceTitle "EXT 2014"]
[Source "ChessBase"]
[SourceDate "2013.11.20"]
[SourceVersion "1"]
[SourceVersionDate "2013.11.20"]
[SourceQuality "1"]

1. d4 f5 2. Bg5 g6 3. Nc3 Bg7 4. e4 fxe4 5. Nxe4 Nh6 6. Nf3 Nf7 7. Bh4 0-0 8. Bd3 d5 9. Ned2 c5 10. c3 Nc6 11. Qc2 cxd4 12. 0-0 dxc3 13. bxc3 Qd6 14. Rfe1 e5 15. Bg3 Bg4 16. Nh4 Rac8 17. Qa4 Qd7 18. Bb5 a6 19. Bxc6 Rxc6 20. Nhf3 e4 21. Nxe4 dxe4 22. Rxe4 Bxf3 23. gxf3 Ng5 24. Re3 Nxf3+ 25. Kf1 Qh3+ 26. Ke2 Qh5 27. Kf1 Nxh2+ 28. Bxh2 Qxh2 29. Rae1 0-1